Departamenty Salwadoru - Statystyki

Ogólne statystyki
  • Ten quiz został rozwiązany 12 razy
  • Średni wynik to 12 z 14
Statystyki odpowiedzi
Hint Odpowiedź % Poprawnych
A Ahuachapán
100%
C Cabañas
100%
C Chalatenango
100%
C Cuscatlán
100%
L La Libertad
100%
L La Paz
100%
L La Unión
100%
M Morazán
100%
S San Miguel
100%
S San Salvador
100%
U Usulután
75%
S Sonsonate
50%
S San Vicente
25%
S Santa Ana
0%
Nie znaleziono quizów pasujących do podanych kryteriów
Rozkład punktacji
Procent ludzi z każdym wynikiem
Percentyl według liczby udzielonych odpowiedzi
Twoja historia wyników
Nie rozwiązałeś tego quizu